000 00472nam a2200145 4500
999 _c11078
_d11078
008 160224b xxu||||| |||| 00| 0 eng d
020 _a089641339X
050 _aBC 177 .H38 2000
100 _aHatcher, Donald L.
245 _aReasoning and writing/
_bfrom critical thinking to composition/
260 _aBoston:
_bAmerican Press,
_c2000.
300 _aviii, 429p. ;
_c26 cm.
500 _aIncludes index.
650 _aCritical
942 _2lcc
_cBOOKS
_hBC 177 .H38 2000
_03